Studies on the DNA-binding protelnsr of amopheles stephensi (Diptera :Culicidae) (Record no. 87565)

MARC details
000 -LEADER
fixed length control field 00358nam a2200133Ia 4500
008 - FIXED-LENGTH DATA ELEMENTS--GENERAL INFORMATION
fixed length control field 230917s9999||||xx |||||||||||||| ||und||
040 ## - CATALOGING SOURCE
-- 94602
Original cataloging agency VIVEKANANDA LIBRARY
041 ## - Language
-- English
082 ## - DDC NUMBER
Classification number 574.8732 S64S
100 ## - MAIN ENTRY--PERSONAL NAME
Personal name Sunita Singh
245 #0 - TITLE STATEMENT
Title Studies on the DNA-binding protelnsr of amopheles stephensi (Diptera :Culicidae)
300 ## - PHYSICAL DESCRIPTION
Pages 180 p.
942 ## - ADDED ENTRY ELEMENTS (KOHA)
Koha item type Thesis
Holdings
Withdrawn status Lost status Damaged status Not for loan Location (home branch) Sublocation or collection (holding branch) Shelving location Date acquired Koha issues (times borrowed) Koha full call number Accession No. Koha date last seen Koha item type
        VIVEKANANDA LIBRARY VIVEKANANDA LIBRARY Reference 04/07/2003   574.8732 S64S 167316 17/09/2023 Thesis
© Designed and Maintained by Vivekananda Library, MDU Rohtak